[Event "Internationaux de France BLITZ"]
[Site "Saint Maur des Fosses, France"]
[Date "2024.06.16"]
[Round "3.7"]
[White "Breuil, Tristan"]
[Black "Guliyev, Namig"]
[Result "1/2-1/2"]
[WhiteElo "2286"]
[BlackElo "2486"]
[PlyCount "155"]
[EventDate "2024.??.??"]

1. e4 {2} c5 {1} 2. Nf3 {1} e6 {2} 3. d4 {1} cxd4 {2} 4. Nxd4 {2} Nf6 {2} 5.
Nc3 {2} d6 {1} 6. g4 {6} h6 {2} 7. Rg1 {2} g5 {6} 8. Be3 {9} a6 {4} 9. f3 {44}
Nbd7 {2} 10. Be2 {3} b5 {2} 11. Qd2 {16} Bb7 {3} 12. a4 {11} b4 {3} 13. Na2 {4}
d5 {2} 14. exd5 {40} Nxd5 {2} 15. Nb3 {18} Nxe3 {33} 16. Qxe3 {2} Qb6 {1} 17.
Qxb6 {19} Nxb6 {1} 18. a5 {14} Nd5 {1} 19. O-O-O {6} Rc8 {4} 20. Bd3 {20} Bd6 {
28} 21. Be4 {10} Bxh2 {6} 22. Rge1 {16} Bf4+ {5} 23. Kb1 {2} O-O {11} 24. Nac1
{16} Rc7 {9} 25. Nd3 {31} Bd6 {30} 26. Nd4 {32} Rb8 {9} 27. Rh1 {7} Kg7 {4} 28.
Ne1 {6} Ne3 {6} 29. Nxe6+ {11} fxe6 {5} 30. Rxd6 {1} Bxe4 {9} 31. fxe4 Nxg4 {10
} 32. Rxe6 {5} Rb5 {51} 33. Rxa6 {8} Re7 {2} 34. Rb6 {11} Rxb6 {3} 35. axb6 Rb7
{4} 36. Nd3 {12} Rxb6 {2} 37. Kc1 {4} b3 {5} 38. c4 {15} Rd6 {16} 39. Rh3 {5}
Rd4 {2} 40. c5 {4} Rxe4 {11} 41. Kd2 Rc4 {2} 42. Ne1 {7} Rxc5 {8} 43. Rxb3 {1}
h5 {2} 44. Nd3 {2} Rf5 {2} 45. Rb7+ {2} Kg6 {1} 46. Rb6+ {2} Nf6 {2} 47. Ke3 {4
} h4 {3} 48. Nf2 {3} Kh5 {5} 49. Ke2 {2} g4 {7} 50. Rb8 g3 {3} 51. Rh8+ {2} Kg6
{11} 52. Nh3 {7} Nh5 {5} 53. Rg8+ {11} Kf7 {2} 54. Rg4 {1} Rb5 {55} 55. Rxh4 {2
} Rxb2+ {1} 56. Kf3 {3} Rb3+ {3} 57. Kg2 {2} Nf6 {6} 58. Rf4 {4} Ke6 {6} 59.
Rf3 {3} Rb2+ {3} 60. Kxg3 {3} Ne4+ 61. Kf4 {2} Nd2 {11} 62. Ng5+ {3} Kd5 {5}
63. Rd3+ {1} Kc4 {1} 64. Re3 {2} Rb1 {4} 65. Re2 {4} Rf1+ {2} 66. Kg3 {8} Kd3 {
2} 67. Re8 {1} Rg1+ {3} 68. Kf4 {1} Rf1+ {1} 69. Kg3 Rf5 {3} 70. Kg4 {1} Rf1 {6
} 71. Rd8+ {1} Kc2 {2} 72. Rc8+ {4} Kd3 {2} 73. Rd8+ Kc3 {1} 74. Rc8+ {2} Nc4 {
1} 75. Ne4+ {3} Kd4 {1} 76. Rxc4+ {2} Kxc4 {1} 77. Nd2+ Kd3 {1} 78. Nxf1 {1}
1/2-1/2

[Event "Internationaux de France BLITZ"]
[Site "Saint Maur des Fosses, France"]
[Date "2024.06.16"]
[Round "3.8"]
[White "Dourerassou, Jonathan"]
[Black "L'Huillier, Thibaud"]
[Result "1/2-1/2"]
[WhiteElo "2422"]
[BlackElo "2087"]
[PlyCount "110"]
[EventDate "2024.??.??"]

1. e4 {1} c6 {1} 2. Nc3 {2} d5 {1} 3. Nf3 {2} Bg4 {1} 4. h3 {1} Bxf3 {2} 5.
Qxf3 {1} e6 {4} 6. d3 {2} Nd7 {4} 7. g3 g6 {33} 8. Bg2 {3} Bg7 {1} 9. Qe2 {6}
Ne7 {56} 10. O-O {3} O-O {6} 11. Bg5 {1} d4 {43} 12. Nb1 {25} f6 {8} 13. Bc1 {3
} e5 {24} 14. Nd2 {3} b5 {7} 15. a4 {3} a6 {1} 16. b3 {2} c5 {6} 17. Ba3 {5}
Qc7 {3} 18. f4 {3} Nc6 {22} 19. Qg4 {6} Rae8 {32} 20. axb5 {2} axb5 21. h4 {17}
f5 {20} 22. exf5 {2} gxf5 {1} 23. Qg5 {11} h6 {26} 24. Qg6 {9} Ne7 {12} 25. Qa6
{36} b4 {10} 26. Bc1 {12} exf4 {3} 27. gxf4 {12} Nf6 {1} 28. Nc4 {16} Ned5 {4}
29. Qd6 {9} Qxd6 {17} 30. Nxd6 {2} Re2 {1} 31. Rf2 {42} Re1+ {7} 32. Rf1 {1}
Re2 33. Nxf5 {1} Nc3 {1} 34. Nxg7 {23} Kxg7 {1} 35. Rf2 {2} Re1+ {7} 36. Bf1 {8
} Kh7 {12} 37. Ra7+ {4} Kh8 {11} 38. Bd2 {1} Rg8+ {5} 39. Rg2 {16} Rxg2+ {23}
40. Kxg2 {1} Rd1 {2} 41. Bxc3 {25} dxc3 {15} 42. Ra2 Nd5 {2} 43. Be2 Rd2 {3}
44. Kf3 {1} Nxf4 {3} 45. Kxf4 {2} Rxe2 {1} 46. Kf3 {19} Rh2 {4} 47. Ra5 {1}
Rxc2 {3} 48. Rxc5 {1} Rb2 {3} 49. d4 {2} Rxb3 50. Ke4 {1} Rb2 {13} 51. d5 {2}
Re2+ 52. Kd3 {3} Rd2+ 53. Kc4 c2 {3} 54. Kxb4 {3} Rxd5 55. Rxc2 {1} Rd4+
1/2-1/2

[Event "Internationaux de France BLITZ"]
[Site "Saint Maur des Fosses, France"]
[Date "2024.06.16"]
[Round "4.1"]
[White "Fruchard, Cyrille"]
[Black "Moussard, Jules"]
[Result "0-1"]
[WhiteElo "2274"]
[BlackElo "2610"]
[PlyCount "114"]
[EventDate "2024.??.??"]

1. d4 d6 {10} 2. e4 {2} g6 {2} 3. Nc3 {5} Bg7 {5} 4. Nf3 {10} a6 {4} 5. a4 {2}
Nf6 {3} 6. Be2 {6} O-O {5} 7. O-O {3} Nc6 {2} 8. d5 {7} Nb4 {14} 9. a5 {11} e6
{8} 10. Ra4 {33} c5 {1} 11. dxc6 {2} Nxc6 {2} 12. Bg5 {14} h6 {8} 13. Bf4 {6}
e5 {18} 14. Be3 {23} Be6 {10} 15. Bb6 {8} Qb8 {21} 16. Nd5 {15} Bxd5 {10} 17.
exd5 {2} Ne7 {2} 18. c4 {8} Nd7 {2} 19. Be3 {7} e4 {9} 20. Nd4 {6} Qc7 {13} 21.
b3 {14} Kh7 {58} 22. Qd2 {8} Nc5 {8} 23. Ra3 {2} Rac8 {35} 24. Bf4 {32} g5 {35}
25. Be3 {20} Kg8 {2} 26. h4 {14} f5 {39} 27. f4 {48} gxf4 {32} 28. Bxf4 {4} Rf6
{18} 29. b4 {5} Nd3 30. Bxd3 {14} exd3 {1} 31. Rc1 {14} Ng6 {4} 32. Rxd3 {12}
Qf7 {2} 33. Ne6 {4} Nxh4 {7} 34. Rg3 {6} Rg6 {3} 35. Qf2 {13} Rxg3 {3} 36. Qxg3
{2} Ng6 {1} 37. Bxd6 {3} Kh7 38. Bf4 {3} Bb2 {5} 39. Rc2 {2} Bf6 {2} 40. Qh2 {2
} Nxf4 {9} 41. Qxf4 {1} Rg8 {6} 42. Qxf5+ {7} Kh8 43. Rf2 {2} Rg6 {3} 44. d6 {3
} Qg8 {2} 45. d7 {5} Be7 {1} 46. c5 {3} Rxe6 {3} 47. Qf3 {6} Re1+ {6} 48. Rf1 {
3} Re5 {4} 49. Qc3 {2} Qg7 50. Qf3 {2} Rg5 {5} 51. Qxb7 {2} Qd4+ 52. Rf2 {3}
Rf5 {3} 53. Qb8+ {2} Kh7 {1} 54. Qg3 {3} Qd1+ 55. Kh2 {1} Rh5+ 56. Qh3 {2}
Rxh3+ 57. gxh3 {2} Qxd7 {1} 0-1

[Event "Internationaux de France BLITZ"]
[Site "Saint Maur des Fosses, France"]
[Date "2024.06.16"]
[Round "4.2"]
[White "Fressinet, Laurent"]
[Black "Rodriguez, Adrien"]
[Result "1-0"]
[WhiteElo "2633"]
[BlackElo "2354"]
[PlyCount "41"]
[EventDate "2024.??.??"]

1. d4 Nf6 {4} 2. Nf3 {1} e6 {3} 3. Bg5 {2} d5 {4} 4. Nbd2 {2} Nbd7 {44} 5. e3 {
4} c5 {28} 6. c3 {1} Bd6 {2} 7. Bd3 {18} O-O {19} 8. O-O {3} h6 {52} 9. Bh4 {2}
Re8 {56} 10. e4 {59} cxd4 {11} 11. cxd4 {35} dxe4 {4} 12. Nxe4 {1} Be7 {2} 13.
Nc3 {1} Nh5 {21} 14. Bxe7 {16} Qxe7 {19} 15. Re1 {23} Nb6 {36} 16. a4 {37} Bd7
{22} 17. a5 {4} Nc8 {1} 18. d5 {10} Qd8 {10} 19. Ne5 {8} Nf6 {1} 20. Nxd7 {3}
Qxd7 {5} 21. Bb5 {1} 1-0

[Event "Internationaux de France BLITZ"]
[Site "Saint Maur des Fosses, France"]
[Date "2024.06.16"]
[Round "4.3"]
[White "Papadiamandis, Elliot"]
[Black "Lagarde, Maxime"]
[Result "0-1"]
[WhiteElo "2324"]
[BlackElo "2604"]
[PlyCount "84"]
[EventDate "2024.??.??"]

1. e4 {1} c5 {1} 2. Nc3 {3} d6 3. d4 {1} cxd4 4. Qxd4 {1} Nc6 {2} 5. Qd2 {1}
Nf6 {12} 6. b3 {4} e6 {1} 7. Bb2 a6 {27} 8. O-O-O {15} b5 {2} 9. f3 {12} Qb6 {3
} 10. Kb1 {8} Bb7 {5} 11. h4 {19} Nd7 {4} 12. h5 {2} h6 {3} 13. Nh3 {13} Nc5 {3
} 14. Nf4 {1} b4 {6} 15. Nce2 {8} a5 {5} 16. Nd4 {11} Nxd4 {21} 17. Qxd4 {2} a4
{11} 18. Bc4 {3} axb3 {5} 19. axb3 {9} Qa5 {48} 20. Nd3 {5} Nxd3 {23} 21. Qxd3
{9} Ba6 {7} 22. Bxa6 {9} Qxa6 {17} 23. Qd4 {12} Qa5 {57} 24. Qc4 {6} Be7 {2}
25. Qc6+ {10} Kf8 {6} 26. f4 {1} Kg8 {18} 27. Rh3 {3} Kh7 {11} 28. Rg3 {16}
Rhg8 {4} 29. Qc4 {19} Bf6 {11} 30. e5 {14} dxe5 {1} 31. fxe5 {58} Bg5 32. Rxg5
{5} hxg5 {1} 33. Qe4+ {8} Kh6 {9} 34. Rd7 {17} Rgd8 {12} 35. Rxd8 {76} Rxd8 {9}
36. Bc1 {1} Ra8 {32} 37. Bb2 {14} Qd5 {3} 38. Qxb4 {7} Qxg2 {20} 39. Bc1 Rc8 {4
} 40. c3 {8} Qf3 {6} 41. Qd4 {2} Qxc3 {5} 42. Qg1 {2} Qxb3+ {2} 0-1

[Event "Internationaux de France BLITZ"]
[Site "Saint Maur des Fosses, France"]
[Date "2024.06.16"]
[Round "4.4"]
[White "Bellahcene, Bilel"]
[Black "Saglier, Paul"]
[Result "1-0"]
[WhiteElo "2544"]
[BlackElo "2208"]
[PlyCount "69"]
[EventDate "2024.??.??"]

1. e4 e5 {3} 2. Nf3 {1} Nc6 {1} 3. Bb5 {2} a6 {1} 4. Ba4 Nf6 {1} 5. O-O Be7 {8}
6. d3 b5 {8} 7. Bb3 O-O {12} 8. Nc3 {5} d6 {7} 9. a3 {4} Na5 {36} 10. Ba2 {1}
c5 {1} 11. b4 {1} Nc6 {12} 12. Nd5 {8} Be6 {38} 13. c3 {3} cxb4 {5} 14. axb4 {2
} Bxd5 {11} 15. exd5 {3} Nb8 {2} 16. h3 {16} Nbd7 {4} 17. Be3 a5 {61} 18. bxa5
{10} Rxa5 {4} 19. Bb3 {15} Qa8 {12} 20. c4 {133} bxc4 {13} 21. dxc4 {2} Ne4 {12
} 22. Bc2 {10} Ndc5 {8} 23. Qb1 {21} f5 {29} 24. Rxa5 {6} Qxa5 {1} 25. Bxc5 {1}
Qxc5 {14} 26. Bxe4 {6} fxe4 27. Qxe4 {2} Rf4 {1} 28. Qb1 Qxc4 {12} 29. Qb7 {4}
Rf7 {28} 30. Qc6 {22} Qxc6 {29} 31. dxc6 Bd8 {1} 32. Rb1 {1} Kf8 {9} 33. Rb8 {
10} Ke8 {11} 34. Ng5 {11} Re7 {2} 35. Ne4 {3} 1-0

[Event "Internationaux de France BLITZ"]
[Site "Saint Maur des Fosses, France"]
[Date "2024.06.16"]
[Round "4.5"]
[White "Yuffa, Daniil"]
[Black "Daeschler, Florian"]
[Result "1-0"]
[WhiteElo "2609"]
[BlackElo "2254"]
[PlyCount "73"]
[EventDate "2024.??.??"]

1. Nf3 {2} Nf6 2. c4 {2} e6 3. g3 {2} d5 {1} 4. Bg2 {1} Be7 5. O-O {5} O-O {2}
6. b3 {2} c5 {2} 7. e3 {5} Nc6 {2} 8. Qe2 {7} Re8 {16} 9. d3 {9} Bf8 {5} 10.
Bb2 {4} e5 {4} 11. cxd5 {9} Nxd5 {2} 12. a3 {7} f6 {24} 13. Nbd2 {3} Be6 {1}
14. Rac1 {9} Qd7 {11} 15. Rfe1 {10} Qf7 {2} 16. Qd1 {19} Rac8 {8} 17. Qc2 {8}
Red8 {13} 18. h3 {13} Ndb4 {10} 19. axb4 {3} Nxb4 20. Qb1 {23} Nxd3 {1} 21. h4
{21} b5 {6} 22. Ba1 {16} c4 {14} 23. bxc4 {3} bxc4 24. Bc3 {7} Rb8 {22} 25. Qa1
{1} Bb4 {33} 26. Ne4 {12} Bd5 {24} 27. Bxb4 {8} Rxb4 {4} 28. Nc3 {1} Ba8 {19}
29. Red1 {4} Rdb8 {16} 30. Rb1 {5} Rb2 {3} 31. Rxb2 {3} Nxb2 {7} 32. Rb1 {3}
Qb7 {3} 33. Ne1 {5} Qb3 {4} 34. Bxa8 {29} Qxc3 {1} 35. Qxa7 {15} Rd8 {7} 36.
Bd5+ {16} Kh8 {18} 37. Qb6 {2} 1-0

[Event "Internationaux de France BLITZ"]
[Site "Saint Maur des Fosses, France"]
[Date "2024.06.16"]
[Round "4.6"]
[White "Pozdnjakov, Viatcheslav"]
[Black "David, Alberto"]
[Result "0-1"]
[WhiteElo "2244"]
[BlackElo "2502"]
[PlyCount "51"]
[EventDate "2024.??.??"]

1. d4 Nf6 {2} 2. Nf3 {1} b6 3. e3 {2} Bb7 {3} 4. Bd3 {1} e6 {5} 5. O-O {2} c5 {
2} 6. c4 {1} Be7 {12} 7. Nc3 {2} cxd4 {23} 8. exd4 {2} d6 {3} 9. d5 {15} e5 {1}
10. Nh4 {13} g6 {1} 11. f4 {56} e4 {22} 12. Bc2 {12} Ng8 {2} 13. g3 {12} Bxh4 {
2} 14. gxh4 {2} f5 15. Ba4+ {26} Kf7 {3} 16. Nxe4 {43} fxe4 {2} 17. f5 {2} Nf6
{118} 18. Bg5 {25} Rf8 {1} 19. Qd4 {8} Kg7 {16} 20. fxg6 {15} b5 {58} 21. Rxf6
{59} Rxf6 {8} 22. Rf1 {2} Nd7 {1} 23. Bxb5 {57} Qb6 {6} 24. Qxb6 {8} Rxf1+ {2}
25. Kxf1 Nxb6 {2} 26. gxh7 {7} 0-1

[Event "Internationaux de France BLITZ"]
[Site "Saint Maur des Fosses, France"]
[Date "2024.06.16"]
[Round "4.7"]
[White "Sochacki, Christophe"]
[Black "Koulitchenko, Alexandre"]
[Result "1-0"]
[WhiteElo "2449"]
[BlackElo "2180"]
[PlyCount "71"]
[EventDate "2024.??.??"]

1. c4 e6 2. Nf3 {4} d5 3. e3 {4} Nf6 4. b3 {5} Be7 {3} 5. Bb2 {2} O-O {2} 6.
Nc3 {16} b6 {11} 7. d4 {16} Bb7 {6} 8. Bd3 Nbd7 {12} 9. Qc2 {2} c5 {10} 10. h4
{17} Rc8 {18} 11. cxd5 {9} exd5 {2} 12. h5 {5} h6 {7} 13. Bf5 {5} cxd4 {26} 14.
Nxd4 {2} Ne4 {22} 15. a3 {34} Nd6 {63} 16. Bh3 {13} Bf6 {12} 17. Qd1 {9} a6 {6}
18. O-O {7} Rc7 {6} 19. Rc1 {5} b5 {8} 20. Rc2 {31} Re8 {2} 21. Qc1 {11} Rc8 {
29} 22. Rd1 {21} Qe7 {20} 23. Nde2 {12} Rc5 {29} 24. Nf4 {6} Nb6 {20} 25. b4 {
41} Rc4 {2} 26. Ncxd5 {13} Nxd5 {8} 27. Nxd5 Bxd5 {3} 28. Rxd5 {2} Bxb2 {17}
29. Qxb2 {2} Qe4 {16} 30. Rdd2 {33} Re5 {14} 31. Rxc4 {29} Nxc4 32. Rd8+ Kh7 {2
} 33. Qe2 Qh4 {7} 34. Qd3+ {6} Qe4 {6} 35. Qxe4+ {3} Rxe4 36. Bf5+ 1-0

[Event "Internationaux de France BLITZ"]
[Site "Saint Maur des Fosses, France"]
[Date "2024.06.16"]
[Round "4.8"]
[White "Carpentier, Pierre"]
[Black "Velten, Paul"]
[Result "0-1"]
[WhiteElo "2197"]
[BlackElo "2504"]
[PlyCount "60"]
[EventDate "2024.??.??"]

1. d4 d5 {3} 2. Bf4 {2} c5 {3} 3. Nc3 {2} e6 {59} 4. e3 {5} a6 {10} 5. Nf3 {4}
Nc6 {3} 6. a3 {21} Bd6 {7} 7. Bg3 {30} Nf6 {7} 8. Bd3 {38} O-O {13} 9. O-O {5}
Bxg3 {3} 10. hxg3 {2} Qe7 {6} 11. dxc5 {42} Qxc5 {4} 12. e4 {4} Rd8 {31} 13.
Qe2 {4} d4 {5} 14. Nb1 {6} e5 {4} 15. Nbd2 {3} Bg4 {8} 16. Qe1 {25} Rac8 {12}
17. Nh4 {15} Re8 {27} 18. f3 {22} Bd7 {13} 19. g4 {3} g6 {8} 20. Qg3 {6} Nd8 {
11} 21. Qh2 {46} Ne6 {11} 22. g3 {1} Bb5 {2} 23. Nb3 {60} Qf8 {4} 24. Rac1 {6}
Qh6 {7} 25. Qd2 {6} Qxd2 {6} 26. Nxd2 {1} Bxd3 {4} 27. cxd3 {1} Nc5 {2} 28. g5
{16} Nh5 {1} 29. Kg2 {4} Nxd3 {2} 30. Rxc8 {7} Rxc8 {1} 0-1

[Event "Internationaux de France BLITZ"]
[Site "Saint Maur des Fosses, France"]
[Date "2024.06.16"]
[Round "5.1"]
[White "Moussard, Jules"]
[Black "Cotonnec, Melkior"]
[Result "1-0"]
[WhiteElo "2610"]
[BlackElo "2258"]
[PlyCount "71"]
[EventDate "2024.??.??"]

1. Nc3 {2} d5 {6} 2. e4 {1} dxe4 {5} 3. Nxe4 {1} Nf6 {2} 4. d3 {6} Nxe4 {9} 5.
dxe4 {1} Qxd1+ {2} 6. Kxd1 {1} e5 {12} 7. Be3 {32} Nd7 {17} 8. Nf3 {68} f6 {2}
9. Bc4 {1} Bc5 {2} 10. Ke2 {4} Bxe3 {6} 11. Kxe3 {1} Nb6 {19} 12. Bb3 {6} Bd7 {
18} 13. h4 {3} h5 {18} 14. Ne1 {16} a5 {48} 15. a3 {5} Nc8 {9} 16. Nd3 {12} b6
{2} 17. f4 {6} exf4+ {15} 18. Nxf4 Ne7 {11} 19. Rad1 {11} Rd8 {24} 20. Be6 {15}
Nc6 {61} 21. Rd5 {29} Ne5 {66} 22. Rhd1 {1} Rh6 {14} 23. Bxd7+ {30} Rxd7 {2}
24. Rxd7 {1} Nxd7 {1} 25. Ne6 {2} Ne5 {7} 26. Nxg7+ {13} Kf8 {4} 27. Nf5 {7}
Rg6 {3} 28. g3 Nc4+ {4} 29. Kf3 {28} Ke8 {1} 30. Rd5 {38} Nxb2 {6} 31. Ne3 c6 {
3} 32. Rxh5 {2} b5 {4} 33. Rc5 {4} Na4 {2} 34. Rxc6 {1} Kd7 {1} 35. Ra6 {2} Nc5
{4} 36. Rxa5 {4} 1-0

[Event "Internationaux de France BLITZ"]
[Site "Saint Maur des Fosses, France"]
[Date "2024.06.16"]
[Round "5.2"]
[White "Stephan, Victor"]
[Black "Fressinet, Laurent"]
[Result "0-1"]
[WhiteElo "2346"]
[BlackElo "2633"]
[PlyCount "60"]
[EventDate "2024.??.??"]

1. d4 {1} Nf6 {6} 2. c4 {2} g6 {1} 3. Nc3 {2} Bg7 {1} 4. e4 {2} d6 {1} 5. Nf3 {
1} O-O {3} 6. Be2 {1} Na6 {5} 7. Bf4 {2} Bg4 {32} 8. O-O {8} Nd7 {14} 9. Qd2 {
14} e5 {39} 10. Bg5 {4} Qe8 {12} 11. d5 {32} f5 {2} 12. Ne1 {44} Bxe2 {32} 13.
Qxe2 {2} f4 {4} 14. f3 {2} Bf6 {1} 15. Bxf6 {10} Nxf6 {3} 16. Nd3 {13} g5 {2}
17. b4 {9} Kh8 {5} 18. c5 {15} Rg8 {6} 19. h3 {12} h5 {6} 20. cxd6 {16} cxd6 {2
} 21. b5 {2} Nb8 {26} 22. a4 {10} Nbd7 {3} 23. Rac1 {8} g4 {2} 24. hxg4 {3}
hxg4 {1} 25. Kf2 {4} Rc8 {11} 26. Rh1+ {11} Kg7 {2} 27. Ke1 {31} Qd8 {41} 28.
fxg4 {11} Qa5 {17} 29. Kd2 {19} Rc4 {1} 30. g5 {15} Nxe4+ {10} 0-1

[Event "Internationaux de France BLITZ"]
[Site "Saint Maur des Fosses, France"]
[Date "2024.06.16"]
[Round "5.3"]
[White "Lagarde, Maxime"]
[Black "Charmeteau, Sven"]
[Result "1-0"]
[WhiteElo "2604"]
[BlackElo "2318"]
[PlyCount "65"]
[EventDate "2024.??.??"]

1. c4 {1} e5 {2} 2. Nc3 {1} Nf6 {1} 3. Nf3 {2} Nc6 {2} 4. d3 {1} Bc5 {6} 5. Bg5
{7} h6 {5} 6. Bh4 {1} d6 {32} 7. e3 {2} a6 {16} 8. Be2 {3} Ba7 {10} 9. Rc1 {14}
Bf5 {39} 10. a3 {4} a5 {11} 11. d4 {18} exd4 {11} 12. exd4 {1} g5 {25} 13. Bg3
{1} Ne7 {47} 14. d5 {56} Qd7 {14} 15. b4 {8} Ne4 {26} 16. Nxe4 {16} Bxe4 {1}
17. O-O {61} f5 {19} 18. Nd2 {2} Bxd5 {57} 19. cxd5 {5} f4 20. Bg4 {24} Nf5 {14
} 21. Re1+ {16} Kd8 {2} 22. Re6 {32} Rf8 {12} 23. Bxf4 {3} gxf4 {5} 24. Ne4 {5}
Qg7 {11} 25. Bxf5 {41} Rxf5 26. Qf3 {17} axb4 {5} 27. axb4 {2} Bb6 {7} 28. Nxd6
{10} Ra1 {1} 29. Qd1 {22} Rxd5 {2} 30. Nf7+ {6} Kc8 {7} 31. Re8+ Kd7 32. Rd8+ {
3} Ke7 {1} 33. Rxd5 {1} 1-0

[Event "Internationaux de France BLITZ"]
[Site "Saint Maur des Fosses, France"]
[Date "2024.06.16"]
[Round "5.4"]
[White "Bacrot, Alexandre"]
[Black "Bellahcene, Bilel"]
[Result "0-1"]
[WhiteElo "2408"]
[BlackElo "2544"]
[PlyCount "64"]
[EventDate "2024.??.??"]

1. e4 {2} c5 2. Nc3 {2} e6 {3} 3. f4 {3} d5 {1} 4. Bb5+ Bd7 5. Bxd7+ {16} Qxd7
{1} 6. Nf3 d4 7. Ne2 {1} d3 {29} 8. Ng3 {39} Nc6 {8} 9. O-O {4} c4 {24} 10.
cxd3 {18} cxd3 {18} 11. Kh1 {28} h5 {2} 12. e5 {65} Qd5 {19} 13. h4 {39} Nh6 {
12} 14. Qb3 {12} Qxb3 {25} 15. axb3 Bb4 {2} 16. Kh2 {24} Nf5 {7} 17. Ne4 {7}
O-O-O {10} 18. Nf2 {6} Rd5 {7} 19. g3 {7} Rhd8 {2} 20. Ng5 {6} R8d7 21. Nge4 {1
} a5 {2} 22. Kg2 {13} Kb8 {4} 23. Ra4 {3} b6 {6} 24. Nc3 {6} Rd4 {8} 25. Nb5 {1
} R4d5 {36} 26. Nc3 {1} Rc5 {3} 27. Nfe4 {1} Ncd4 {13} 28. Nxc5 {17} bxc5 {2}
29. Ne4 {27} Nxb3 {2} 30. Nf2 {1} c4 {2} 31. Rh1 {23} Nfd4 {11} 32. Ra2 {6} Ne2
{2} 0-1

[Event "Internationaux de France BLITZ"]
[Site "Saint Maur des Fosses, France"]
[Date "2024.06.16"]
[Round "5.5"]
[White "Mathieu, Phileas"]
[Black "Yuffa, Daniil"]
[Result "1-0"]
[WhiteElo "2295"]
[BlackElo "2609"]
[PlyCount "112"]
[EventDate "2024.??.??"]

1. a3 e5 {4} 2. c4 f5 {10} 3. d4 {16} d6 {2} 4. Nc3 {8} Nf6 {15} 5. Nf3 {19} e4
{7} 6. Ng1 {1} c5 {10} 7. dxc5 {30} dxc5 {1} 8. Qxd8+ {2} Kxd8 {1} 9. Bf4 {1}
Be6 {49} 10. e3 {9} a6 {13} 11. Nh3 {10} Nc6 {16} 12. O-O-O+ {19} Ke8 {12} 13.
Nd5 {15} Bxd5 {24} 14. cxd5 {1} Na5 {11} 15. Ng5 {7} b5 {13} 16. Ne6 {6} Kd7 {1
} 17. Be2 {28} Nb3+ {2} 18. Kc2 {5} c4 {1} 19. h3 {38} h5 {16} 20. Be5 {40} Nc5
{60} 21. Nxc5+ {39} Bxc5 {2} 22. g4 {37} hxg4 {7} 23. hxg4 Nxg4 {9} 24. Bxg4 {
13} fxg4 {1} 25. Bxg7 Rxh1 {15} 26. Rxh1 Kd6 {35} 27. Rh5 {9} g3 {16} 28. Be5+
{11} Kxd5 29. Bxg3+ {16} Kc6 {3} 30. Rh6+ Kd5 {6} 31. Rh5+ Kc6 {1} 32. Re5 a5 {
20} 33. Re6+ Kd5 {2} 34. Re5+ Kc6 35. Rxe4 a4 {6} 36. Re6+ {1} Kd5 {2} 37. Re5+
Kc6 38. Rf5 {10} Rd8 {3} 39. e4 {3} Rd3 {2} 40. Rf6+ {4} Kb7 {4} 41. Rf7+ {2}
Kc6 {3} 42. Rf6+ {6} Kb7 43. Be5 {8} Rh3 {13} 44. Bg3 Rh5 {5} 45. e5 {2} Bd4 {1
} 46. Rd6 {6} Bb6 {8} 47. Rd5 {7} Kc6 48. Rd6+ Kb7 49. Rd2 Bc7 {4} 50. Re2 {2}
Rh8 {2} 51. e6 {6} Bxg3 {1} 52. fxg3 Kc8 {2} 53. e7 Re8 54. Kc3 {2} Kd7 55. Kb4
Kc6 {3} 56. g4 {1} Kd5 {6} 1-0

[Event "Internationaux de France BLITZ"]
[Site "Saint Maur des Fosses, France"]
[Date "2024.06.16"]
[Round "5.6"]
[White "David, Alberto"]
[Black "Mullon, Jean-Baptiste"]
[Result "1-0"]
[WhiteElo "2502"]
[BlackElo "2315"]
[PlyCount "57"]
[EventDate "2024.??.??"]

1. Nf3 {3} Nf6 {2} 2. g3 d5 {9} 3. Bg2 c6 {2} 4. d3 {2} Bf5 {34} 5. O-O {3} e6
{7} 6. Nh4 {3} Bg4 {3} 7. h3 {2} Bh5 {1} 8. f4 {2} Nfd7 {28} 9. Qe1 {17} Be7 {8
} 10. Nf3 {1} f6 {56} 11. e4 {6} O-O {6} 12. Kh1 {8} Bf7 {9} 13. Nc3 {23} Na6 {
26} 14. a3 {8} Re8 {7} 15. g4 {12} Bf8 {7} 16. Qg3 {2} c5 {24} 17. exd5 {28}
exd5 {1} 18. Nh4 {1} Nc7 {7} 19. g5 {9} Rc8 {39} 20. g6 {60} hxg6 {2} 21. Nxg6
{2} f5 {24} 22. Ne5 {18} Nxe5 {11} 23. fxe5 {2} Be6 {1} 24. Ne2 {2} Be7 {25}
25. Bh6 {5} Bf8 {4} 26. Nf4 {3} Qd7 {6} 27. Rae1 {8} Qf7 {7} 28. Bf3 {8} Qe7 {
23} 29. Rg1 {5} 1-0

[Event "Internationaux de France BLITZ"]
[Site "Saint Maur des Fosses, France"]
[Date "2024.06.16"]
[Round "5.7"]
[White "Hejazipour, Mitra"]
[Black "Sochacki, Christophe"]
[Result "1/2-1/2"]
[WhiteElo "2358"]
[BlackElo "2449"]
[PlyCount "58"]
[EventDate "2024.??.??"]

1. d4 {2} d5 {5} 2. c4 {2} e5 3. dxe5 {6} d4 {1} 4. Nf3 {5} Nc6 {2} 5. a3 {47}
g6 6. Bf4 {3} Bg7 {19} 7. g3 {8} h6 {33} 8. h4 {7} Bg4 {3} 9. Bg2 {11} Qd7 {15}
10. Nbd2 {19} O-O-O {9} 11. O-O {25} Bh3 {5} 12. Ne4 {9} Qf5 {30} 13. Bxh3 {34}
Qxh3 {1} 14. Nc5 {9} g5 {9} 15. Bd2 {14} Nxe5 {32} 16. Qb3 {13} b6 {1} 17. Na6
{5} Ng4 {36} 18. Qb5 {13} Ne7 {1} 19. Bb4 {11} Be5 {94} 20. Bxe7 {26} Ne3 {17}
21. fxe3 {17} Qxg3+ {3} 22. Kh1 {4} Qh3+ {5} 23. Kg1 Qg4+ {9} 24. Kh1 {7} Qh3+
{2} 25. Kg1 Rd5 {35} 26. Qxd5 {11} Qg4+ {1} 27. Kh1 {6} Qh3+ {2} 28. Kg1 {1}
Qg3+ {1} 29. Kh1 {1} Qh3+ {1} 1/2-1/2

[Event "Internationaux de France BLITZ"]
[Site "Saint Maur des Fosses, France"]
[Date "2024.06.16"]
[Round "5.8"]
[White "Velten, Paul"]
[Black "Calistri, Tristan"]
[Result "1-0"]
[WhiteElo "2504"]
[BlackElo "2201"]
[PlyCount "53"]
[EventDate "2024.??.??"]

1. d4 {2} g6 {2} 2. c4 {4} Bg7 {2} 3. Nf3 {4} d6 {2} 4. Nc3 {5} Nf6 {2} 5. e4 {
3} O-O {3} 6. Be2 {10} e5 {2} 7. d5 {3} a5 {2} 8. Be3 {11} Ng4 {55} 9. Bg5 {4}
f6 {3} 10. Bh4 {3} h5 {61} 11. h3 {28} Nh6 {2} 12. Nd2 {4} Na6 {3} 13. a3 {28}
c5 {4} 14. Qc2 {10} Nf7 {5} 15. O-O-O {21} Bh6 {7} 16. Kb1 {3} Bd7 {3} 17. Rhg1
{5} Qe7 {17} 18. g4 {3} hxg4 {1} 19. Bxg4 {3} Bxg4 {52} 20. Rxg4 {2} Kh7 {2}
21. Rdg1 {9} Rg8 22. Nf1 {14} Bg5 {13} 23. Bxg5 {18} Nxg5 {2} 24. Qe2 {14} Nc7
{17} 25. Ne3 {9} Nf7 {7} 26. Rh4+ {7} Kg7 {8} 27. Nf5+ {3} 1-0